FINANCIAL MANAGEMENT (Record no. 4461)

MARC details
005 - DATE AND TIME OF LATEST TRANSACTION
control field 20250623134450.0
020 ## - INTERNATIONAL STANDARD BOOK NUMBER
International Standard Book Number 978-93259-8229-1
082 ## - DEWEY DECIMAL CLASSIFICATION NUMBER
Classification number 658.15
111 ## - MAIN ENTRY--MEETING NAME
Meeting name or jurisdiction name as entry element FINANCIAL MANAGEMENT
245 ## - TITLE STATEMENT
Title FINANCIAL MANAGEMENT
250 ## - EDITION STATEMENT
Edition statement 11th Ed
260 ## - PUBLICATION, DISTRIBUTION, ETC.
Place of publication, distribution, etc. India,
Name of publisher, distributor, etc. Vicas,
Date of publication, distribution, etc. 2015.
300 ## - PHYSICAL DESCRIPTION
Extent ix, 905p.: ill.; figure, picture, table
Other physical details Index
Dimensions 27cm
942 ## - ADDED ENTRY ELEMENTS (KOHA)
Source of classification or shelving scheme Dewey Decimal Classification
Koha item type Books
Holdings
Date last seen Total checkouts Full call number Barcode Cost, replacement price Price effective from Koha item type Lost status Source of classification or shelving scheme Damaged status Not for loan Withdrawn status Home library Current library Shelving location Date acquired Cost, normal purchase price
06/20/2025   658.15 PAN DOM0003646 40000.00 06/20/2025 Books   Dewey Decimal Classification       CBE Dodoma CBE Dodoma Special Reserve Collection 09/07/2020 120000.00
06/20/2025   658.15 PAN DOM0003648 40000.00 06/20/2025 Books   Dewey Decimal Classification       CBE Dodoma CBE Dodoma Special Reserve Collection 09/07/2020 120000.00